000 00512cam a22001577a 4500
008 180718b2001 xxu||||| |||| 00| 0 eng d
020 _a0195653823
082 _aK12x54 D26p
100 _aDas, S.K.
245 _aPublic office, private interest: bureaucracy and corruption in India
_cby S.K. Das
260 _aNew Delhi
_bOxford Univ. Press
_c2001
300 _a252p.
650 _aInterorganizational relations - India
650 _aPolitical corruption - India
650 _aCivil service - Political activity
999 _c395542
_d395542